Marvel Heroes by Real Names #14 - Statistics

General Stats
  • This quiz has been taken 10 times
  • The average score is 10 of 25
Answer Stats
Name Answer % Correct
Stephen Strange Dr. Strange
100%
Samuel "Sam" Wilson Falcon
88%
Jane Foster Thor
88%
Yondu Udonta Yondu
75%
Erik Josten Atlas
63%
Henry "Hank" McCoy Beast
63%
Benjamin "Ben" Reilly Scarlet Spider
63%
Tandy Bowen Dagger
50%
Walter Langkowski Sasquatch
50%
Brian Falsworth Union Jack
50%
Martha "Mattie" Franklin Spider-Woman
38%
Oliver "Ollie" Osnick Steel Spider
38%
Abdul Qamar Arabian Knight
25%
none; a large & friendly robot Baymax
25%
Sooraya Qadir Dust
25%
Angela del Toro White Tiger
25%
Hisako Ichiki Armor
13%
Lana Baumgartner Bombshell
13%
Victor C. Stein Chase Stein
13%
Cathy Webster Free Spirit
13%
Raz Malhotra Giant-Man
13%
Marissa Darrow Magdalene
13%
Darla Deering Miss Thing
13%
Madeline Berry Veil
13%
Kenji Uedo Zero
13%
No matching quizzes found
Score Distribution
Percent of People with Each Score
Percentile by Number Answered
Your Score History
You have not taken this quiz